| 000 | 00473nam a2200181Ia 4500 | ||
|---|---|---|---|
| 001 | 22576 | ||
| 005 | 20260414150840.0 | ||
| 008 | 260414t2008||||xx |||||||||||||| ||spa|| | ||
| 041 | _aESP | ||
| 082 |
_a621.382 _bS734 |
||
| 100 |
_aSeifert, Rich _eAUT |
||
| 245 | 4 |
_aThe all-new switch book : _bthe complete guide to LAN switching technology |
|
| 260 | _c2008 | ||
| 300 |
_axxxi, 784 páginas : _c24 cm. |
||
| 650 | _aTCA | ||
| 654 | _aCET | ||
| 942 |
_cLIB _dJUS _fJUS _2ddc _n |
||
| 999 |
_c22576 _d22576 |
||